| 000 | 02012nam a22003017a 4500 | ||
|---|---|---|---|
| 001 | 4092 | ||
| 003 | FISKH | ||
| 005 | 20251218080545.0 | ||
| 008 | 240606b cb ||||| |||| 00| 0 eng d | ||
| 020 | _a9780545915960 | ||
| 040 |
_aFISKH _beng _cFISKH _dFISKH |
||
| 050 | _aPZ7.N5673 | ||
| 082 | _a813.6 | ||
| 100 |
_aNielsen , Jennifer A. _d1971- |
||
| 245 |
_aA night divided / _cJennifer A. Nielsen |
||
| 250 | _aFirst Edition | ||
| 260 |
_aNew York : _bScholastic , _c2015 . |
||
| 300 |
_a317 pages : _c20 cm . _billustrations ; |
||
| 505 | _aT | ||
| 520 | _aFrom New York Times bestselling author Jennifer A. Nielsen comes a stunning thriller about a girl who must escape to freedom after the Berlin Wall divides her family between east and west. With the rise of the Berlin Wall, twelve-year-old Gerta finds her family suddenly divided. She, her mother, and her brother Fritz live on the eastern side, controlled by the Soviets. Her father and middle brother, who had gone west in search of work, cannot return home. Gerta knows it is dangerous to watch the wall, to think forbidden thoughts of freedom, yet she can't help herself. She sees the East German soldiers with their guns trained on their own citizens; she, her family, her neighbors and friends are prisoners in their own city. But one day, while on her way to school, Gerta spots her father on a viewing platform on the western side, pantomiming a peculiar dance. Then, when she receives a mysterious drawing, Gerta puts two and two together and concludes that her father wants Gerta and Fritz to tunnel beneath the wall, out of East Berlin. However, if they are caught, the consequences will be deadly. No one can be trusted. Will Gerta and her family find their way to freedom? | ||
| 521 | 8 |
_a810
_bLexile |
|
| 521 | 8 |
_aT
_bRaz-Plus |
|
| 650 |
_aCold War _vFiction |
||
| 650 |
_aFamily separation _vFiction |
||
| 700 |
_aStrengel , Christopher _eBook Designer |
||
| 942 |
_2ddc _cBK _n0 |
||
| 999 |
_c4092 _d4092 |
||